Lofoscopia (Registro nro. 9294)

Detalles MARC
000 -Cabecera
Campo de control de longitud fija 00813nam a22003257a 4500
005 - Fecha y hora de la última transacción
Campo de control 20251126195635.0
008 - Elementos de longitud fija--Información general
Campo de control de longitud fija 170418b2013 xxu||||| |||| 00| 0 spa d
020 ## - International Standard Book Number
Número Internacional Estándar del Libro (ISBN) 9789871521692
041 ## - Idioma
Código de idioma Español
082 ## - Clasificación Decimal Dewey
Número de clasificación 363.256.5 S511lo
100 ## - Entrada principal--Autor personal
Nombre personal Sevilla Royo, Tomás
9 (RLIN) 42051
245 ## - Título propiamente dicho
Título Lofoscopia
260 ## - Pie de imprenta
Lugar de publicación, distribución, etc. Argentina
260 ## - Pie de imprenta
Nombre del editor, distribuidor, etc. Seguridad y Defensa
260 ## - Pie de imprenta
Fecha de publicación, distribución, etc. 2013
300 ## - Descripción física
Extensión 300 páginas
490 ## - Serie
Título de la Serie Investigación Criminal
650 ## - Materia general
Temática (materia general) LOFOSCOPIA
650 ## - Materia general
Temática (materia general) IDENTIDAD
650 ## - Materia general
Temática (materia general) SISTEMAS DE BIOMÉTRICOS
650 ## - Materia general
Temática (materia general) QUIROSCOPIA
650 ## - Materia general
Temática (materia general) SISTEMAS DE IDENTIFICACIÓN
650 ## - Materia general
Temática (materia general) ADN
650 ## - Materia general
Temática (materia general) QUEILOSCOPIA
650 ## - Materia general
Temática (materia general) DACTILOSCOPIA
650 ## - Materia general
Temática (materia general) RECONOCIMIENTO FACIAL
650 ## - Materia general
Temática (materia general) CRIMINALÍSTICA
650 ## - Materia general
Temática (materia general) HUELLAS
942 ## - Punto de acceso adicional KOHA
Tipo de ítem KOHA Libro
Fuente del sistema de clasificación o colocación Dewey Decimal Classification
Existencias
Signatura completa Código de barras Programa Académico Tipo de ítem
363.256.5 S511lo 21978 Investigación Criminal Libro